<?xml version="1.0" encoding="UTF-8"?>
<record
    xmlns:xsi="http://www.w3.org/2001/XMLSchema-instance"
    xsi:schemaLocation="http://www.loc.gov/MARC21/slim http://www.loc.gov/standards/marcxml/schema/MARC21slim.xsd"
    xmlns="http://www.loc.gov/MARC21/slim">

  <leader>00528nam a22002177a 4500</leader>
  <controlfield tag="003">UA-OsUOA</controlfield>
  <controlfield tag="001"> 57689 </controlfield>
  <controlfield tag="007">ta</controlfield>
  <controlfield tag="008">20081230b un ||||| |||| 00| 0 ukr d</controlfield>
  <datafield tag="090" ind1=" " ind2=" ">
    <subfield code="a">75.051</subfield>
    <subfield code="b">&#x412;68</subfield>
  </datafield>
  <datafield tag="942" ind1=" " ind2=" ">
    <subfield code="c">BK</subfield>
  </datafield>
  <datafield tag="040" ind1=" " ind2=" ">
    <subfield code="a">UA-OsUOA</subfield>
    <subfield code="b">ukr</subfield>
    <subfield code="c">UA-OsUOA</subfield>
    <subfield code="d">UA-OsUOA</subfield>
  </datafield>
  <datafield tag="245" ind1=" " ind2=" ">
    <subfield code="a">&#x412;&#x43E;&#x43B;&#x43E;&#x434;&#x438;&#x43C;&#x438;&#x440; &#x421;&#x435;&#x43C;&#x438;&#x43D;&#x43E;&#x436;&#x435;&#x43D;&#x43A;&#x43E;: &#x441;&#x443;&#x447;&#x430;&#x441;&#x43D;&#x438;&#x439; &#x436;&#x438;&#x432;&#x43E;&#x43F;&#x438;&#x441;</subfield>
    <subfield code="c">&#x412;. &#x41A;&#x430;&#x440;&#x430;&#x441;&#x44C;&#x43E;&#x432;</subfield>
  </datafield>
  <datafield tag="300" ind1=" " ind2=" ">
    <subfield code="a">80 &#x441;.</subfield>
  </datafield>
  <datafield tag="955" ind1=" " ind2=" ">
    <subfield code="a">3</subfield>
  </datafield>
  <datafield tag="041" ind1=" " ind2=" ">
    <subfield code="a">ukr</subfield>
  </datafield>
  <datafield tag="080" ind1=" " ind2=" ">
    <subfield code="a">75.051</subfield>
  </datafield>
  <datafield tag="260" ind1=" " ind2=" ">
    <subfield code="a">&#x41A;.</subfield>
    <subfield code="c">2000</subfield>
  </datafield>
  <datafield tag="650" ind1=" " ind2="7">
    <subfield code="2">UDC</subfield>
  </datafield>
  <datafield tag="999" ind1=" " ind2=" ">
    <subfield code="c">343776</subfield>
    <subfield code="d">343776</subfield>
  </datafield>
  <datafield tag="952" ind1=" " ind2=" ">
    <subfield code="0">0</subfield>
    <subfield code="1">0</subfield>
    <subfield code="2">udc</subfield>
    <subfield code="4">0</subfield>
    <subfield code="7">0</subfield>
    <subfield code="a">102</subfield>
    <subfield code="b">102</subfield>
    <subfield code="d">2008-12-30</subfield>
    <subfield code="e">191/2008</subfield>
    <subfield code="g">10.00</subfield>
    <subfield code="i">118166</subfield>
    <subfield code="l">0</subfield>
    <subfield code="o">75.051 &#x412;68</subfield>
    <subfield code="p">118166</subfield>
    <subfield code="r">2022-02-07 00:00:00</subfield>
    <subfield code="w">2008-12-30</subfield>
    <subfield code="y">BK</subfield>
  </datafield>
</record>
